=LDR 00000nam 2200000 4500 =001 INLIS000000000028575 =005 20130612130853 =008 ***********************************Ind** =035 ##$$0010-061300000028575 =041 ##$$a Ind =082 ##$$a 338.9 =090 ##$$a 338.9, Naz a =100 ##$$a Nazara, Suahasil =245 ##$$a Analisa input-output, Suahasil Nazara =260 ##$$a 2005 $b Jakarta =300 ##$$a xiii, 131 hlm, ilus, 23 cm =650 ##$$a Perencanaan ekonomi =850 ##$$a NBPNMAT